Entry Personal Name
Number of records used in: 2
001 - CONTROL NUMBER
003 - CONTROL NUMBER IDENTIFIER
005 - DATE AND TIME OF LATEST TRANSACTION
- control field:
20230825145731.0
008 - FIXED-LENGTH DATA ELEMENTS
- fixed length control field:
790129n| azannaabn |a aaa
010 ## - LIBRARY OF CONGRESS CONTROL NUMBER
- LC control number:
n 79007468
035 ## - SYSTEM CONTROL NUMBER
- System control number:
(OCoLC)oca00241591
040 ## - CATALOGING SOURCE
- Original cataloging agency:
DLC
- Language of cataloging:
eng
- Description conventions:
rda
- Transcribing agency:
DLC
- Modifying agency:
DJBF
- Modifying agency:
DLC
- Modifying agency:
Uk
- Modifying agency:
IEN
046 ## - SPECIAL CODED DATES
100 1# - HEADING--PERSONAL NAME
- Personal name:
Daniels, John D.
400 1# - SEE FROM TRACING--PERSONAL NAME
- Personal name:
Dėniels, Dzhon D.
400 1# - SEE FROM TRACING--PERSONAL NAME
- Personal name:
Daniels, John,
- Dates associated with a name:
1937-
670 ## - SOURCE DATA FOUND
- Source citation:
His Recent foreign direct manufacturing investment ... 1971.
670 ## - SOURCE DATA FOUND
- Source citation:
Mezhdunarodnyĭ biznes, 1994:
- Information found:
t.p. (Dzhon D. Dėniels)
670 ## - SOURCE DATA FOUND
- Source citation:
His International business, 2001:
- Information found:
CIP t.p. (John D. Daniels; Univ. of Miami)
670 ## - SOURCE DATA FOUND
- Source citation:
Global business, 2000:
- Information found:
t.p. (John Daniels; Univ. of Richmond, USA)
670 ## - SOURCE DATA FOUND
- Source citation:
Comparación entre exportadores y no exportadores, 1977:
- Information found:
t.p. (John Daniels)
670 ## - SOURCE DATA FOUND
- Source citation:
BL AL recd. 26 Oct. 1988
- Information found:
(John Day Daniels, born 1937)
670 ## - SOURCE DATA FOUND
- Source citation:
Info. converted from 678, 2012-10-02
- Information found:
(b. 1937)